États membres de l'Organisation Mondiale du Commerce - Statistiques

Statistiques générales
  • Ce quiz a été pris 30 fois
  • Le résultat moyen est 118 sur 189
Réponses sur la Carte
Les réponses sont colorées sur une échelle allant du rouge au vert en fonction du pourcentage des utilisateurs qui les ont devinées à leur premier essai. Vous pouvez retrouver ces pourcentages ci-dessous.
 
Statistiques - réponses
Date d'adhésion Membres % Correct
1er janvier 1995 États-Unis
96%
1er janvier 1995 Brésil
93%
1er janvier 1995 Canada
93%
1er janvier 1995 Argentine
89%
1er janvier 1995 France
89%
1er janvier 1995 Royaume-Uni
89%
1er janvier 1995 Chili
85%
11 décembre 2001 Chine
85%
Membre observateur et candidat Algérie
81%
1er janvier 1995 Danemark
81%
1er janvier 1995 Mexique
81%
1er janvier 1995 Paraguay
81%
22 aout 2012 Russie
81%
1er janvier 1995 Uruguay
81%
1er janvier 1995 Allemagne
78%
12 septembre 1995 Bolivie
78%
1er janvier 1995 Espagne
78%
1er janvier 1995 Finlande
78%
1er janvier 1995 Inde
78%
1er janvier 1995 Irlande
78%
1er janvier 1995 Islande
78%
1er janvier 1995 Norvège
78%
6 septembre 1997 Panama
78%
1er janvier 1995 Pérou
78%
1er janvier 1995 Portugal
78%
1er janvier 1995 Suède
78%
1er janvier 1995 Afrique du Sud
74%
1er janvier 1995 Australie
74%
1er janvier 1995 Autriche
74%
1er janvier 1995 Belgique
74%
30 avril 1995 Colombie
74%
20 avril 1995 Cuba
74%
Membre observateur et candidat Iran
74%
1er janvier 1995 Italie
74%
1er janvier 1995 Japon
74%
1er janvier 1995 Maroc
74%
1er juillet 1995 Pologne
74%
1er janvier 1995 Suisse
74%
1er janvier 1995 Suriname
74%
5 février 2008 Ukraine
74%
11 décembre 2005 Arabie Saoudite
70%
Membre observateur et candidat Biélorussie
70%
1er janvier 1995 Corée du Sud
70%
30 juin 1995 Égypte
70%
21 juillet 1995 Guatemala
70%
Membre observateur et candidat Irak
70%
30 novembre 2015 Kazakhstan
70%
Membre observateur et candidat Libye
70%
17 novembre 1995 Madagascar
70%
31 mai 1995 Mali
70%
29 janvier 1997 Mongolie
70%
3 septembre 1995 Nicaragua
70%
Membre observateur et candidat Ouzbékistan
70%
1er janvier 1995 Pakistan
70%
1er janvier 1995 Pays-Bas
70%
13 janvier 1996 Qatar
70%
1er janvier 1997 République démocratique du Congo
70%
9 mars 1995 République Dominicaine
70%
27 mars 1997 République du Congo
70%
1er janvier 1995 Roumanie
70%
Membre observateur et candidat Soudan
70%
29 mars 1995 Tunisie
70%
26 mars 1995 Turquie
70%
1er janvier 1995 Venezuela
70%
Membre observateur et candidat Azerbaïdjan
67%
30 novembre 2000 Croatie
67%
21 janvier 1996 Équateur
67%
13 novembre 1999 Estonie
67%
14 juin 2000 Géorgie
67%
1er janvier 1995 Grèce
67%
25 octobre 1995 Guinée
67%
1er janvier 1995 Guyana
67%
30 janvier 1996 Haïti
67%
1er janvier 1995 Indonésie
67%
21 avril 1995 Israël
67%
9 mars 1995 Jamaïque
67%
2 février 2013 Laos
67%
10 février 1999 Lettonie
67%
31 mai 2001 Lituanie
67%
1er janvier 1995 Luxembourg
67%
31 mai 1995 Mauritanie
67%
1er janvier 1995 Nouvelle-Zélande
67%
1er janvier 1995 République Tchèque
67%
1er janvier 1995 Sénégal
67%
1er janvier 1995 Slovaquie
67%
Membre observateur et candidat Somalie
67%
Membre observateur et candidat Soudan du Sud
67%
1er janvier 1995 Thaïlande
67%
11 janvier 2007 Viêt nam
67%
26 juin 2014 Yémen
67%
23 novembre 1996 Angola
63%
5 février 2003 Arménie
63%
3 juin 1995 Burkina Faso
63%
1er janvier 1995 Costa Rica
63%
10 avril 1996 Émirats arabes unis
63%
Membre observateur et candidat Éthiopie
63%
1er janvier 1995 Honduras
63%
1er janvier 1995 Hongrie
63%
1er janvier 1995 Kenya
63%
Membre observateur et candidat Liban
63%
29 avril 2012 Monténégro
63%
9 novembre 2000 Oman
63%
1er janvier 1995 Philippines
63%
31 mai 1995 République Centrafricaine
63%
Membre observateur et candidat Syrie
63%
2 mars 2013 Tadjikistan
63%
19 octobre 1996 Tchad
63%
29 juillet 2016 Afghanistan
59%
8 septembre 2000 Albanie
59%
1er janvier 1995 Bangladesh
59%
1er janvier 1995 Belize
59%
Membre observateur et candidat Bhoutan
59%
Membre observateur et candidat Bosnie-Herzégovine
59%
1er décembre 1996 Bulgarie
59%
13 octobre 2004 Cambodge
59%
13 décembre 1995 Cameroun
59%
30 juillet 1995 Chypre
59%
11 avril 2000 Jordanie
59%
31 mai 1995 Lesotho
59%
14 juillet 2016 Liberia
59%
1er janvier 1995 Malte
59%
1er janvier 1995 Namibie
59%
23 avril 2004 Népal
59%
13 décembre 1996 Niger
59%
1er janvier 1995 Nigeria
59%
9 juin 1996 Papouasie-Nouvelle-Guinée
59%
7 mai 1995 Salvador
59%
Membre observateur et candidat Serbie
59%
30 juillet 1995 Slovénie
59%
1er janvier 2002 Taïwan
59%
31 mai 1995 Togo
59%
Membre observateur et candidat Turkménistan
59%
Membre observateur et candidat Andorre
56%
Membre observateur et candidat Bahamas
56%
1er janvier 1995 Birmanie
56%
31 mai 1995 Botswana
56%
1er janvier 1995 Côte d'Ivoire
56%
31 mai 1995 Djibouti
56%
1er janvier 1995 Ghana
56%
Membre observateur et candidat Guinée équatoriale
56%
20 décembre 1998 Kirghizistan
56%
1er janvier 1995 Koweït
56%
4 avril 2003 Macédoine du Nord
56%
1er janvier 1995 Malaisie
56%
26 juillet 2001 Moldavie
56%
26 août 1995 Mozambique
56%
23 juillet 1995 Sierra Leone
56%
1er janvier 1995 Sri Lanka
56%
1er janvier 1995 Zambie
56%
5 mars 1995 Zimbabwe
56%
1er janvier 1995 Bahreïn
52%
22 février 1996 Bénin
52%
1er janvier 1995 Eswatini
52%
31 mai 1995 Guinée Bissau
52%
31 mai 1995 Maldives
52%
1er janvier 1995 Ouganda
52%
22 mai 1996 Rwanda
52%
Membre observateur et candidat Sao Tomé-et-Principe
52%
26 avril 2015 Seychelles
52%
1er janvier 1995 Antigua-et-Barbuda
48%
1er janvier 1995 Barbade
48%
23 juillet 1995 Burundi
48%
23 juillet 2008 Cap-Vert
48%
21 août 2024 Comores
48%
14 janvier 1996 Fidji
48%
22 février 1996 Grenade
48%
26 juillet 1996 Îles Salomon
48%
1er septembre 1995 Liechtenstein
48%
31 mai 1995 Malawi
48%
1er janvier 1995 Maurice
48%
21 février 1996 Saint-Christophe-et-Niévès
48%
1er janvier 1995 Saint-Vincent-et-les-Grenadines
48%
1er janvier 1995 Singapour
48%
1er janvier 1995 Tanzanie
48%
1er janvier 1995 Brunei
44%
1er janvier 1995 Dominique
44%
1er janvier 1995 Gabon
44%
23 octobre 1996 Gambie
44%
1er janvier 1995 Sainte-Lucie
44%
1er janvier 1995 Trinité-et-Tobago
44%
Membre observateur et non candidat Vatican
44%
30 août 2024 Timor oriental
41%
27 juillet 2007 Tonga
41%
10 mai 2012 Samoa
33%
24 août 2012 Vanuatu
33%
Membre observateur et candidat Curaçao
4%
1er janvier 1995 Hong-Kong
4%
1er janvier 1995 Macao
4%
1er janvier 1995 Union Européenne
4%
Aucun quiz correspondant
Distribution des résultats
% des personnes avec chaque résultat
Percentile par nombre de réponses
Votre historique - résultats
Vous n’avez pas pris ce quiz